000 00398nam a22001697a 4500
003 SGT
020 _a9781493954919
082 _a616.01
_bM15K
100 _aKUKOL, ANDREAS
245 _aMOLECULAR MODELING OF PROTEINS
250 _a1ST
260 _aNEW YORK
_bHUMANA PRESS PUB
_c2015
300 _a474
650 _aMICROBIOLOGY
653 _aMOLECULAR MODELING OF PROTEINS
942 _2ddc
_cBK
999 _c34284
_d34284